| 000 | 00719nam a22001937a 4500 | ||
|---|---|---|---|
| 999 |
_c172109 _d172109 |
||
| 005 | 20200128105607.0 | ||
| 010 | _aUR-10690 | ||
| 020 |
_c300.00 _a- |
||
| 035 | _aU-9245 | ||
| 037 |
_bDBAD/PUB _a- |
||
| 082 | _a844.8 | ||
| 100 | _aا بو الکلا م آ ز ا د | ||
| 245 |
_aمو لانا ا بو الکلا م آ ز ا د کی عصر ی معنو يت _cا بو الکلا م آ ز ا د |
||
| 246 |
_bMoulana Abulkalam Azad Ki Asri Maanviat (Urdu) _aby Abulkalam Azad |
||
| 260 |
_aRajisthan _bRajisthan Urdu Academy _c2017ء |
||
| 270 |
_aJ-15,Jhalana Institutional Area, _bDelhi Jaipur _e302004 _k0141-2709771 _l- |
||
| 300 |
_a236 ص _c22 Cm(Hb) |
||
| 942 |
_2ddc _cUR _h844.8 _mا ب و |
||